000 00838nam a2200229Ia 4500
001 15540
003 GE_BSU
008 181216s||||||||xx |||||||||||||| ||und||
040 _cGE_BSU
080 _a82-93:821.161.1-3
100 _aბელახოვი,მ.
245 _aვაჟიშვილი
245 _bმოთხრობა უფროსკლასელებისათვის
245 _cთარგმანი გიორგი გრიგორაშვილისა
260 _aთბილისი
260 _bლიტერატურა და ხელოვნება
260 _c1966
300 _a82გვ.17სმ.
653 _aვაჟიშვილი
653 _aმოთხრობა უფროსკლასელებისათვის
942 _cBK
999 _c48640
_d48640